|
|
|
|
| LEADER |
00000nam0a2200000 4500 |
| 001 |
278582 |
| 005 |
20231101235128.0 |
| 020 |
|
|
|a RU
|b 85-77153
|
| 035 |
|
|
|a (RuTPU)RU\TPU\book\301859
|
| 090 |
|
|
|a 278582
|
| 100 |
|
|
|a 20141212d1985 k y0rusy5003 ca
|
| 101 |
0 |
|
|a rus
|
| 102 |
|
|
|a RU
|
| 105 |
|
|
|a y z 100zy
|
| 200 |
1 |
|
|a XXII конференция по высокомолекулярным соединениям
|e тезисы секционных и стендовых докладов, , Алма-Ата, 15-19 октября 1985 г.
|f Всесоюзное химическое общество им. Д. И. Менделеева (ВХО) ; Академия наук Казахской ССР (АН КазССР), Институт химических наук ; под ред. В. В. Коршака
|
| 210 |
|
|
|a Черноголовка
|c Изд-во ОИХФ
|d 1985
|
| 215 |
|
|
|a 213 с.
|
| 606 |
1 |
|
|a Высокомолекулярные соединения
|2 stltpush
|3 (RuTPU)RU\TPU\subj\72650
|9 86071
|
| 610 |
1 |
|
|a конференции
|
| 610 |
1 |
|
|a полимеризация
|
| 610 |
1 |
|
|a поликонденсация
|
| 610 |
1 |
|
|a химические превращения
|
| 610 |
1 |
|
|a полимеры
|
| 610 |
1 |
|
|a переработка
|
| 610 |
1 |
|
|a применение
|
| 675 |
|
|
|a 678(063)
|z rus
|v 4
|
| 702 |
|
1 |
|a Коршак
|b В. В.
|4 340
|
| 712 |
0 |
2 |
|a Всесоюзное химическое общество им. Д. И. Менделеева (ВХО)
|c (Москва)
|c (1932-1991)
|2 stltpush
|3 (RuTPU)RU\TPU\col\12594
|
| 712 |
1 |
2 |
|a Высокомолекулярные соединения
|c конференция
|d 22
|e Алма-Ата
|f 1985
|
| 712 |
0 |
2 |
|a Академия наук Казахской ССР (АН КазССР)
|b Институт химических наук
|2 stltpush
|3 (RuTPU)RU\TPU\col\11297
|
| 801 |
|
0 |
|a RU
|b RuMRKP
|c 19950704
|g psbo
|
| 801 |
|
1 |
|a RU
|b 63413507
|c 20141212
|
| 801 |
|
2 |
|a RU
|b 63413507
|c 20180112
|g RCR
|
| 942 |
|
|
|c BK
|